000 00429nam a22001577a 4500
003 SGT
020 _a9789354660412
082 _a615.1
_bP21A
100 _aAQIL, MOHD.
245 _aPRACTICE OF HOSPITAL, CLINICAL AND COMMUNITY PHARMACY
260 _aNEW DELHI
_bCBS PUB.
_c2021
300 _a416
650 _aCLINICAL AND COMMUNITY PHARMACY
653 _aPRACTICE , HOSPITAL, CLINICAL , COMMUNITY, PHARMACY
942 _2ddc
_cBK
999 _c27089
_d27089